Score 0/40 Timer 09:00
1 Play Today
% Correct
Brienne of Tarth
94.9%
Davos Seaworth
90.9%
Stannis Baratheon
89.1%
Ygritte
87.8%
Margaery Tyrell
82.8%
Melisandre
82.2%
Yara Greyjoy
81.8%
Gendry
81.1%
Shae
80.4%
Ramsay Snow
79.8%
Gilly
78.6%
Walder Frey
76.1%
Hot Pie
74.8%
Podrick Payne
73.2%
Aemon Targaryen
72.9%
Lancel Lannister
72.4%
Drogon
71.2%
Roose Bolton
71%
Jojen Reed
70%
Gregor Clegane
69.2%
% Correct
Edmure Tully
68.5%
Olenna Redwyne
67.5%
Missandei
62.9%
Talisa Stark
62.6%
Tormund
62.2%
Meera Reed
62%
Balon Greyjoy
61.4%
Old Nan
55.5%
Viserion
51.4%
Thoros
48.4%
Rhaegal
46.1%
Xaro Xhoan Daxos
45.3%
Kevan Lannister
45.1%
Grenn
43.6%
Septa Mordane
42.2%
Locke
40.7%
Jon Umber
39.1%
Jory Cassel
34.5%
Irri
30.2%
Orell
26.5%
Remove Ads.
Support Sporcle.
Get the best of Sporcle when you Go Orange. This ad-free experience offers more features, more stats, and more fun while also helping to support Sporcle. Thank you for becoming a member.

You're not logged in!

Compare scores with friends on all Sporcle quizzes.
OR
Log In

Show Comments

Extras

Top Quizzes Today


Score Distribution

Your Account Isn't Verified!

In order to create a playlist on Sporcle, you need to verify the email address you used during registration. Go to your Sporcle Settings to finish the process.

Report this User

Report this user for behavior that violates our Community Guidelines.

Details: